000 00212 a2200097 4500
001 48613
100 _aDoganis, Rigas
245 _aFlying off course
260 _aLondon
_bGeorge Allen
_c
090 _c31540
_d31540
942 _aNUST-CAE
_cM
_c23937
999 _c283686
_d283686